000 00633nam a22001815i 4500
001 98653
003 ES-MaACL
005 20230906182335.0
007 t|
008 950918s1855 sp ||||1| spa d
080 _a7:37(460)"18"
100 1 _aEguren, José María de.
_946770
245 1 0 _aImpugnación al folleto publicado por Don José Galofre sobre el estudio de las nobles artes en España /
_cescrita por J.M. de Eguren.
260 _aMadrid :
_b[s.n.],
_c1855 (
_fImp. a cargo de los Sres. Montoya y García)
300 _a16 p. ;
_c20 cm.
650 _aArte-
_xEstudio y enseñanza.
_9175842
852 4 _aES-MaACL
_jT-31-F-10
999 _c98653
_d98653